Problémy zamestnanosti na Slovensku a rozvoj lokálnej zamestnanosti v meste Komárno diplomová práca

Saved in:
Bibliographic Details
Main Author: Ferčíková, Veronika, 1988-
Corporate Author: Národohospodárska fakulta EU. Katedra verejnej správy a regionálneho rozvoja
Other Authors: Vlčková, Viera
Format: Book
Language:Slovak
Published: Bratislava 2012
Tags: Add Tag
No Tags, Be the first to tag this record!

MARC

LEADER 00000nbm a2200000 4500
001 0152154
005 20161109102015.4
041 0 |a slo 
044 |a SK 
245 1 0 |a Problémy zamestnanosti na Slovensku a rozvoj lokálnej zamestnanosti v meste Komárno  |b diplomová práca  |c Veronika Ferčíková ; školiteľ: Viera Vlčková 
264 1 |a Bratislava  |c 2012 
300 |a 77 s. 
100 1 |a Ferčíková, Veronika, 1988- 
700 1 |a Vlčková, Viera 
710 2 |a Národohospodárska fakulta EU. Katedra verejnej správy a regionálneho rozvoja